|
|
|
|
| LEADER |
02072nam a2200505 a 4500 |
| 001 |
nkc20081807333 |
| 003 |
CZ PrNK |
| 005 |
20081022143609.0 |
| 007 |
ta |
| 008 |
080605s2008 xr ab e f 000 0 cze |
| 015 |
|
|
|a cnb001807333
|
| 020 |
|
|
|a 978-80-255-0020-0
|q (váz.)
|
| 035 |
|
|
|a (OCoLC)259736852
|
| 040 |
|
|
|a BOA001
|b cze
|d ABA001
|
| 041 |
1 |
|
|a cze
|h eng
|
| 043 |
|
|
|a x------
|
| 072 |
|
7 |
|a 502
|x Životní prostředí a jeho ochrana
|2 Konspekt
|9 2
|
| 080 |
|
|
|a 502.2:338.483.11
|2 MRF
|
| 080 |
|
|
|a 502.21(1-751.4)
|2 MRF
|
| 080 |
|
|
|a 913:338.483.1
|2 MRF
|
| 080 |
|
|
|a (100)
|2 MRF
|
| 080 |
|
|
|a (0.062)
|2 MRF
|
| 080 |
|
|
|a (084.12)
|2 MRF
|
| 245 |
0 |
0 |
|a Toulky přírodou :
|b pozoruhodná místa pěti kontinentů /
|c [Winfried Maass ... et al. ; překlad Martina Vojtová ... et al.]
|
| 250 |
|
|
|a 1. vyd.
|
| 260 |
|
|
|a Čestlice :
|b Rebo,
|c 2008
|
| 300 |
|
|
|a 320 s. :
|b barev. il., mapy ;
|c 35 cm
|
| 500 |
|
|
|a Přeloženo z angličtiny?
|
| 500 |
|
|
|a "Publikace vznikla výběrem z nejzajímavějších textů dříve vydaných titulů nakladatelství Rebo Productions CZ 100 divů světa, 100 nejkrásnějších národních parků, 100 divů Číny a 100 divů Indie"--Rub tit. s.
|
| 650 |
0 |
7 |
|a přírodní zajímavosti
|7 ph137777
|z země světa
|2 czenas
|
| 650 |
0 |
7 |
|a přírodní památky
|7 ph137870
|z země světa
|2 czenas
|
| 650 |
0 |
7 |
|a turistické zajímavosti
|7 ph126800
|z země světa
|2 czenas
|
| 650 |
0 |
9 |
|a natural sights
|z countries of the world
|2 eczenas
|
| 650 |
0 |
9 |
|a natural monuments
|z countries of the world
|2 eczenas
|
| 650 |
0 |
9 |
|a tourist sights
|z countries of the world
|2 eczenas
|
| 655 |
|
7 |
|a populárně-naučné publikace
|7 fd131864
|2 czenas
|
| 655 |
|
7 |
|a fotografické publikace
|7 fd132276
|2 czenas
|
| 655 |
|
9 |
|a popular works
|2 eczenas
|
| 655 |
|
9 |
|a photographical works
|2 eczenas
|
| 700 |
1 |
|
|a Maass, Winfried,
|d 1928-
|7 jn20010309669
|4 aut
|
| 910 |
2 |
|
|a BOA001
|b 5-1209.504
|
| 990 |
|
|
|a BK
|
| 995 |
|
|
|a 01
|
| 991 |
|
|
|b 200808
|c NOV
|
| 996 |
6 |
|
|b 2610351143
|c 5-1209.504
|l MZK
|r Sklad / do 24 hodin
|n 0
|p p.v.
|w 000907433
|u 000010
|a 1
|e BOA001
|j MZK50
|s P
|